Dưới lăng kính triết học

में बचाया:
ग्रंथसूची विवरण
मुख्य लेखक: V. E. Davidovick
स्वरूप: पुस्तक
भाषा:Undetermined
प्रकाशित: H. CTQG 2002
विषय:
टैग : टैग जोड़ें
कोई टैग नहीं, इस रिकॉर्ड को टैग करने वाले पहले व्यक्ति बनें!
Thư viện lưu trữ: Trung tâm Học liệu Trường Đại học Cần Thơ
LEADER 00565nam a2200193Ia 4500
001 CTU_54509
008 210402s9999 xx 000 0 und d
020 |b 59000 
082 |a 901 
082 |b D249 
100 |a V. E. Davidovick 
245 0 |a Dưới lăng kính triết học 
245 0 |c V. E. Davidovick; Hồ Sĩ Quý, Lưu Minh Văn và Nguyễn Anh Tuấn dịch 
260 |a H. 
260 |b CTQG 
260 |c 2002 
650 |a sociology,history 
650 |x philosophy 
980 |a Trung tâm Học liệu Trường Đại học Cần Thơ